000
00315nam a2200121Ia 4500
008
240624s9999 xx 000 0 und d
041
_a
eng
082
_a
658.15 GUP
100
_a
GUPTA J B
245
_a
STRATEGIC FINANCIAL MANAGEMENT
260
_c
2010
_a
New Delhi
_b
Taxmann Publications Pvt. Ltd.
365
_c
RS
_b
28
999
_c
16663
_d
16663